00613nam a2200193Ia 4500008004100000020001400041082002000055100002000075245004000095250000700135260003500142300002800177500001900205600002000224650002000244942000700264952013300271999001500404240925s9999 xx 000 0 und d a865316988 a327.1174927 KOR aBahgat , Korany 4aThe Foreign Policies of Arab States aNA aLondon:bWestren Pressc,1984. avii,446p.bNAfOriginal aIncludes Index aSocial Sciences aSocial Sciences cBK 001040708SSaUITUbUITUd1997-08-27eDonated by NBF Kg160.00l0o327.1174927 KORpQ0644r2024-09-25 07:12:09w2024-09-25yBK c3143d3143